Bank fraud exposed: with cases and preventive measures

Shranjeno v:
Bibliografske podrobnosti
Glavni avtor: NWAZE, Chuks
Format: Knjiga
Jezik:angleščina
Izdano: Control & Surveillance Associations 2006
Oznake: Označite
Brez oznak, prvi označite!

MARC

LEADER 00000nam a22000007a 4500
008 210120b ||||| |||| 00| 0 eng d
020 |a 978-070-264-4 
100 |a NWAZE, Chuks. 
245 |a Bank fraud exposed:  |b with cases and preventive measures  |c Chuks Nwase  |g xviii, 300p.; ill. 
260 |b Control & Surveillance Associations  |c 2006  |h Lagos  |i 693995   |i 693736  |i 693733  |i 693734  |i 693737  |i 697332  |i 693996  |i  693735  |i  693997  |l HG6771 N685N97  |m Banks and Banking – Corrupt practices Nigeria.  |m Bank fraud – Nigeria – prevention.  |m Bank management – Nigeria.  
500 |a “It includes index”. 
942 |a lcc  |c BK  |e Adeniran, F. A  |f 20/01/2021 
952 |0 0  |1 0  |2 lcc  |4 0  |6 HG6771 N685 N97  |7 0  |9 1271  |a HOL  |b MPL  |c GJ  |d 2021-01-20  |l 0  |o HG6771 N685N97  |p 2021-0085  |r 2021-01-20 00:00:00  |w 2021-01-20  |y BK 
952 |0 0  |1 0  |2 lcc  |4 0  |6 HG6771 N685 N97  |7 0  |9 1285  |a HOL  |b HOL  |c GJ  |d 2021-01-20  |l 0  |o HG6771 N685N97  |p 2021-0098  |r 2021-01-20 00:00:00  |w 2021-01-20  |y BK 
952 |0 0  |1 0  |2 lcc  |4 0  |6 HG6771 N685 N97  |7 0  |9 1289  |a HOL  |b LL  |c GJ  |d 2021-01-20  |l 0  |o HG6771 N685N97  |p 2021-0102  |r 2021-01-20 00:00:00  |w 2021-01-20  |y BK 
952 |0 0  |1 0  |2 lcc  |4 0  |6 HG6771 N685 N97  |7 0  |9 1291  |a HOL  |b SSL  |c GJ  |d 2021-01-20  |l 0  |o HG6771 N685N97  |p 2021-0104  |r 2021-01-20 00:00:00  |w 2021-01-20  |y BK 
952 |0 0  |1 0  |2 lcc  |4 0  |6 HG6771 N685 N97  |7 0  |9 1292  |a HOL  |b SSL  |c GJ  |d 2021-01-20  |l 0  |o HG6771 N685N97  |p 2021-0105  |r 2021-01-20 00:00:00  |w 2021-01-20  |y BK 
952 |0 0  |1 0  |2 lcc  |4 0  |6 HG6771 N685 N97  |7 0  |9 1293  |a HOL  |b SSL  |c GJ  |d 2021-01-20  |l 0  |o HG6771 N685N97  |p 2021-0106  |r 2021-01-20 00:00:00  |w 2021-01-20  |y BK 
952 |0 0  |1 0  |2 lcc  |4 0  |6 HG6771 N685 N97  |7 0  |9 1294  |a HOL  |b SSL  |c GJ  |d 2021-01-20  |l 0  |o HG6771 N685N97  |p 2021-0107  |r 2021-01-20 00:00:00  |w 2021-01-20  |y BK 
952 |0 0  |1 0  |2 lcc  |4 0  |6 HG6771 N685 N97  |7 0  |9 1295  |a HOL  |b SSL  |c GJ  |d 2021-01-20  |l 0  |o HG6771 N685N97  |p 2021-0108  |r 2021-01-20 00:00:00  |w 2021-01-20  |y BK 
952 |0 0  |1 0  |2 lcc  |4 0  |6 HG6771 N685 N97  |7 0  |9 1296  |a HOL  |b SSL  |c GJ  |d 2021-01-20  |l 0  |o HG6771 N685N97  |p 2021-0109  |r 2021-01-20 00:00:00  |w 2021-01-20  |y BK 
952 |0 0  |1 0  |2 lcc  |4 0  |6 HG6771 N685 N97  |7 0  |9 1299  |a HOL  |b SSL  |c GJ  |d 2021-01-20  |l 0  |o HG6771 N685N97  |p 2021-0112  |r 2021-01-20 00:00:00  |w 2021-01-20  |y BK 
952 |0 0  |1 0  |2 lcc  |4 0  |6 HG6771 N685 N97  |7 0  |9 1300  |a HOL  |b SSL  |c GJ  |d 2021-01-20  |l 0  |o HG6771 N685N97  |p 2021-0113  |r 2021-01-20 00:00:00  |w 2021-01-20  |y BK 
952 |0 0  |1 0  |2 lcc  |4 0  |6 HG6771 N685 N97  |7 0  |9 1301  |a HOL  |b SSL  |c GJ  |d 2021-01-20  |l 0  |o HG6771 N685N97  |p 2021-0114  |r 2021-01-20 00:00:00  |w 2021-01-20  |y BK 
952 |0 0  |1 0  |2 lcc  |4 0  |6 HG6771 N685 N97  |7 0  |9 1302  |a HOL  |b HOL  |c GJ  |d 2021-01-20  |l 0  |o HG6771 N685N97  |p 2021-0115  |r 2021-01-20 00:00:00  |w 2021-01-20  |y BK 
952 |0 0  |1 0  |2 lcc  |4 0  |6 HG6771 N685 N97  |7 0  |9 1303  |a HOL  |b HOL  |c GJ  |d 2021-01-20  |l 0  |o HG6771 N685N97  |p 2021-0116  |r 2021-01-20 00:00:00  |w 2021-01-20  |y BK 
952 |0 0  |1 0  |2 lcc  |4 0  |6 HG6771 N685 N97  |7 0  |9 1304  |a HOL  |b HOL  |c GJ  |d 2021-01-20  |l 0  |o HG6771 N685N97  |p 2021-0117  |r 2021-01-20 00:00:00  |w 2021-01-20  |y BK 
999 |c 655  |d 655